Score 0/18 Timer 08:00
4 Plays Today
% Correct
Mount Vesuvius
83.6%
Mount St. Helens
76.1%
Eyjafjallajökull
73.1%
Krakatoa
70.2%
Mount Rainier
68.2%
Yellowstone Caldera
67.2%
Mount Pinatubo
62.8%
Mount Pelée
55.6%
Mount Kilimanjaro
49.3%
% Correct
Nevado del Ruiz
49.1%
Santorini
48.7%
Mount Erebus
45.8%
Mount Etna
44%
Snæfellsjökull
41.4%
Beerenberg
41%
Stromboli
40.1%
Laki
36.4%
Novarupta
34.8%
Remove Ads.
Support Sporcle.
Get the best of Sporcle when you Go Orange. This ad-free experience offers more features, more stats, and more fun while also helping to support Sporcle. Thank you for becoming a member.

You're not logged in!

Compare scores with friends on all Sporcle quizzes.
OR
Log In

Sporcle TV

Today on Sporcle TV


Watch our educational content, quiz creation guides, and fun videos on Sporcle TV.

Show Comments

Extras

Top Quizzes Today


Score Distribution

Paid Content

Your Account Isn't Verified!

In order to create a playlist on Sporcle, you need to verify the email address you used during registration. Go to your Sporcle Settings to finish the process.

Report this User

Report this user for behavior that violates our Community Guidelines.

Details: